000
00262nam a22001097a 4500
040
_c
SCME
100
_a
Lagana, Parker
_9
113241
245
_a
Chemical reaction basic theory and computing
260
_a
U.S.A
_b
Springer
_c
2018
300
_a
201p.
942
_2
ddc
_c
BK
999
_c
594993
_d
594993